| 000 | 00353nam a2200145Ia 4500 | ||
|---|---|---|---|
| 008 | 230711s9999||||xx |||||||||||||| ||und|| | ||
| 041 | _aENG | ||
| 082 |
_a621.902 _bNA-M |
||
| 100 | _aNagpal,G.R | ||
| 245 | 0 | _aMachine tool engineering | |
| 250 | _a3rd | ||
| 260 |
_c1989 _aNew Delhi _bKhanna Publishers |
||
| 650 | _aMechanical Engineering | ||
| 942 | _cBK | ||
| 999 |
_c1072 _d1072 |
||